IN-States Minefield Quiz Stats

 Plays Quiz Updated Jun 18, 2018

Score 0/12 Timer 02:00
2 Plays Today
State % Correct
???
93.2%
???
70.5%
???
69.8%
???
68.9%
???
66.9%
???
66.6%
???
66.1%
???
65.5%
???
62.4%
???
61.3%
???
49.6%
???
48.1%

You're not logged in!

Compare scores with friends on all Sporcle quizzes.
OR
Log In

You Might Also Like...

Show Comments

Extras

Top Quizzes Today


Score Distribution

Your Account Isn't Verified!

In order to create a playlist on Sporcle, you need to verify the email address you used during registration. Go to your Sporcle Settings to finish the process.

Report this User

Report this user for behavior that violates our Community Guidelines.

Details: